| 000 | 00489nam a2200169Ia 4500 | ||
|---|---|---|---|
| 999 |
_c10440 _d10440 |
||
| 003 | OSt | ||
| 005 | 20191228103115.0 | ||
| 008 | 190216s9999||||xx |||||||||||||| ||und|| | ||
| 040 | _coclc | ||
| 082 |
_a338.10954 _bSAN/A |
||
| 100 |
_aSankaran, S _9495 |
||
| 245 | 0 |
_aAgricultural Economy Of India / _cS Sankaran |
|
| 260 |
_bMargham Publications, _c1999. _aMadras: |
||
| 300 | _a143p | ||
| 650 | _aEconomics | ||
| 942 |
_cBK _2ddc _h338.10954 _iSAN/A _k338.10954 _mSAN/A |
||